Logos-Vol. 39, no. 4 (2-8th April 2000) : Part II (Record no. 4838)

MARC details
000 -LEADER
fixed length control field 00365nam a2200121 4500
008 - FIXED-LENGTH DATA ELEMENTS--GENERAL INFORMATION
fixed length control field 240229b |||||||| |||| 00| 0 eng d
022 ## - INTERNATIONAL STANDARD SERIAL NUMBER
ISSN 13910582
942 ## - ADDED ENTRY ELEMENTS (KOHA)
Item Type Periodicals
245 ## - TITLE STATEMENT
Title Logos-Vol. 39, no. 4 (2-8th April 2000) : Part II
246 ## - VARYING FORM OF TITLE
Title Rebuilding global justice in the 21st century
260 ## - PUBLICATION, DISTRIBUTION, ETC. (IMPRINT)
Place of Publication Colombo :
Name of Publisher Centre for society & Religion,
Date of Copyright 2000
300 ## - PHYSICAL DESCRIPTION
Physical Details 97 p.
Holdings
Withdrawn status Lost status Source of classification or shelving scheme Damaged status Not for loan Permanent location Current location Date acquired Total Checkouts Barcode Date last seen Price effective from Koha item type
    Dewey Decimal Classification     Resource center, Muslim Women's Research And Action Forum Resource center, Muslim Women's Research And Action Forum 2024-02-29   RAF5077 2024-02-29 2024-02-29 Periodicals

Copyright © 2023 Muslim Women's Research and Action Forum (MWRAF), No 27/3, Anderson Road, Kalubowila, Dehiwela. Funded by The Asia Fundation